[Event "FIDE Open 2012"]
[Site "Voronezh (Russia)"]
[Date "2012.06.14"]
[Round "3.20"]
[White "Pilchuk, Mikhail"]
[Black "Baemov, Ilnur"]
[Result "0-1"]
[WhiteElo "1927"]
[BlackElo "2197"]
[Annotator ""]
[Source ""]
[Remark ""]

1.e4 c6 2.d4 d5 3.exd5 cxd5 4.c4 Nf6 5.Nc3 g6 6.Nf3 Bg7 7.h3
O-O 8.Be3 Nc6 9.Qd2 Ne4 10.Qd1 Nxc3 11.bxc3 e5 12.c5 e4 13.Nh2
f5 14.Qd2 Qf6 15.Bg5 Qf7 16.Bb5 f4 17.Ng4 Qc7 18.O-O h5 19.Ne5
Nxe5 20.dxe5 Be6 21.Bf6 Qxc5 22.Qb2 Rac8 0-1

[Event "FIDE Open 2012"]
[Site "Voronezh (Russia)"]
[Date "2012.06.14"]
[Round "3.21"]
[White "Kiselev, Maxim"]
[Black "Estrada, Victor"]
[Result "1-0"]
[WhiteElo "2187"]
[BlackElo "1861"]
[Annotator ""]
[Source ""]
[Remark ""]

1.d4 d5 2.Nf3 Nf6 3.c4 c6 4.Nc3 e6 5.e3 Bd6 6.g4 h6 7.Qc2 Nbd7
8.Rg1 e5 9.cxd5 cxd5 10.g5 hxg5 11.Rxg5 e4 12.Ne5 Qc7 13.Qa4
Kf8 14.Nb5 Qb8 15.Nxd6 Qxd6 16.Bd2 Kg8 17.Bb4 Qe6 18.h3 Nb6 19.Qa3
Rh5 20.Rxh5 Nxh5 21.O-O-O Nf6 22.Kb1 Nfd7 23.Bd6 Nxe5 24.Bxe5
Bd7 25.b3 Bc6 26.Be2 Nd7 27.Bf4 Nf6 28.Rg1 Qxh3 29.Qc1 Rc8 30.Rh1
Bd7 31.Qg1 Qf5 32.Rh4 Qg6 33.Qh1 Kf8 34.Bd6+ 1-0

[Event "FIDE Open 2012"]
[Site "Voronezh (Russia)"]
[Date "2012.06.14"]
[Round "3.22"]
[White "Dyakonova, Ekaterina"]
[Black "Magrifin, Iljanor"]
[Result "0-1"]
[WhiteElo "1919"]
[BlackElo "2115"]
[Annotator ""]
[Source ""]
[Remark ""]

1.e4 c5 2.Nf3 Nc6 3.Bb5 Qb6 4.Bxc6 Qxc6 5.d3 d6 6.h3 g6 7.O-O
Bg7 8.c3 b5 9.Re1 Bb7 10.d4 Nf6 11.d5 Qc7 12.Bf4 O-O 13.Qe2 a6
14.Nbd2 Rfe8 15.Bh2 Rad8 16.c4 Qa5 17.e5 dxe5 18.Nxe5 e6 19.Nb3
Qb4 20.d6 Nd7 21.Rad1 Bxe5 22.Bxe5 Qxc4 23.Qxc4 bxc4 24.Na5 Bd5
25.f4 Rb8 26.Rxd5 exd5 27.Nc6 Rb6 28.Ne7+ Kf8 29.Nxd5 Nxe5 30.fxe5
Rxd6 31.Nc7 Re7 32.exd6 Rxe1+ 33.Kf2 Rd1 34.Nxa6 Rxd6 35.Nxc5
Rd2+ 36.Ke3 Rxb2 37.a4 c3 38.Ne4 c2 39.Kd2 c1Q+ 40.Kxc1 Rxg2
41.Kb1 Ke7 0-1

[Event "FIDE Open 2012"]
[Site "Voronezh (Russia)"]
[Date "2012.06.14"]
[Round "3.23"]
[White "Kasantsev, Anatolij B."]
[Black "Voischeva, Zinaida"]
[Result "1/2-1/2"]
[WhiteElo "2080"]
[BlackElo "1835"]
[Annotator ""]
[Source ""]
[Remark ""]

1.d4 Nf6 2.c4 e6 3.Nc3 Bb4 4.Qc2 c5 5.dxc5 O-O 6.a3 Bxc5 7.Nf3
Nc6 8.Bg5 Be7 9.e4 d6 10.Be2 b6 11.O-O a6 12.Rfd1 Qc7 13.Rac1
Bb7 14.Nd5 exd5 15.cxd5 Rfc8 16.dxc6 Qxc6 17.Qxc6 Bxc6 18.e5
dxe5 19.Nxe5 Ba4 20.Rxc8+ Rxc8 21.Rc1 Rxc1+ 22.Bxc1 a5 23.Nc4
Bc5 24.Be3 Bxe3 25.fxe3 Bb5 26.b3 Ne4 27.Kf1 Bxc4 28.Bxc4 Nd2+
29.Ke2 Nxc4 30.bxc4 Kf8 31.Kd3 Ke7 32.a4 Kd6 33.Kd4 f5 34.g3
g5 35.h3 h5 36.h4 g4 37.Kc3 Kc5 38.Kb3 Kd6 39.Kc2 Ke5 40.Kd3
Ke6 1/2-1/2

[Event "FIDE Open 2012"]
[Site "Voronezh (Russia)"]
[Date "2012.06.14"]
[Round "3.24"]
[White "Zhileykin, Andrey"]
[Black "Matveenko, Yury"]
[Result "1-0"]
[WhiteElo "1889"]
[BlackElo "2077"]
[Annotator ""]
[Source ""]
[Remark ""]

1.d4 d6 2.c4 Nf6 3.Nc3 Nbd7 4.e4 e5 5.Nf3 c6 6.Be2 Be7 7.O-O
O-O 8.Qc2 Qc7 9.dxe5 dxe5 10.Bg5 Nc5 11.h3 Ne6 12.Be3 Bc5 13.Nh4
Nd4 14.Bxd4 Bxd4 15.Nf3 Be6 16.Bd3 g6 17.Nxd4 exd4 18.Ne2 c5
19.Qd2 Nh5 20.f4 f6 21.f5 Bf7 22.Nf4 Nxf4 23.Qxf4 Qxf4 24.Rxf4
g5 25.Rf2 Rfe8 26.Re2 Re5 27.Rc1 Kg7 28.Kf2 h5 29.g3 Be8 30.Rb1
a6 31.b4 Bc6 32.a3 Rae8 33.Rbe1 Kf7 34.b5 axb5 35.cxb5 Bd7 36.a4
Ra8 37.Ra2 Ra5 38.Rea1 b6 39.Bc4+ Ke7 40.Kf3 g4+ 41.hxg4 hxg4+
42.Kf4 Be8 43.Rh1 Kd8 44.Rh6 Ke7 45.Rh7+ Kd8 46.Rb7 Re7 47.Rxb6
Bf7 48.Bxf7 Rxf7 49.Rc6 Rc7 50.Rxf6 c4 51.Rd6+ Rd7 52.Rxd7+ Kxd7
53.Ke5 1-0

[Event "FIDE Open 2012"]
[Site "Voronezh (Russia)"]
[Date "2012.06.14"]
[Round "3.25"]
[White "Shcherbakov, Nikolay"]
[Black "Bargandzhiya, Zaza"]
[Result "0-1"]
[WhiteElo "1802"]
[BlackElo "2070"]
[Annotator ""]
[Source ""]
[Remark ""]

1.Nf3 Nf6 2.c4 g6 3.g3 Bg7 4.Bg2 O-O 5.O-O d6 6.d4 Nc6 7.Nc3
a6 8.Bg5 h6 9.Bf4 g5 10.Be3 Bf5 11.d5 Na5 12.Nd4 Bd7 13.Qd3 Ng4
14.b3 Qc8 15.f4 Nxe3 16.Qxe3 g4 17.Qd3 c5 18.Nc2 b5 19.Rab1 Rb8
20.Ne3 Qc7 21.f5 bxc4 22.bxc4 Rxb1 23.Rxb1 Bd4 24.Be4 Nxc4 25.Qxc4
Bxe3+ 26.Kg2 Bd4 27.Bc2 Qa5 28.Rb3 h5 29.Qd3 f6 30.e3 Be5 31.Qc4
Kf7 32.Ne2 Bb5 33.Rxb5 axb5 34.Qd3 c4 35.Qd1 Qxa2 36.Nf4 Bxf4
37.exf4 b4 38.Qe2 Re8 39.h3 b3 0-1

[Event "FIDE Open 2012"]
[Site "Voronezh (Russia)"]
[Date "2012.06.14"]
[Round "3.26"]
[White "Belov, Yury"]
[Black "Gataullin, Artur"]
[Result "0-1"]
[WhiteElo "1783"]
[BlackElo "2064"]
[Annotator ""]
[Source ""]
[Remark ""]

1.d4 d5 2.c4 dxc4 3.Nc3 e5 4.d5 Bd7 5.e4 b5 6.a3 Nf6 7.Nf3 Bd6
8.Bg5 h6 9.Bd2 c6 10.dxc6 Bxc6 11.Qe2 O-O 12.g4 Nh7 13.h4 Nd7
14.g5 Nc5 15.Qe3 f5 16.exf5 Rxf5 17.Rh3 Qf8 18.Be2 Nd3+ 19.Bxd3
cxd3 20.Ne4 Rf4 21.Nxd6 Qxd6 22.O-O-O Bxf3 23.Rxf3 Qc6+ 24.Bc3
Rxf3 25.Qxe5 Rf7 26.Rxd3 Re8 0-1

[Event "FIDE Open 2012"]
[Site "Voronezh (Russia)"]
[Date "2012.06.14"]
[Round "3.27"]
[White "Kostitsina, Liubov"]
[Black "Malikov, Sergey"]
[Result "1-0"]
[WhiteElo "2053"]
[BlackElo "1826"]
[Annotator ""]
[Source ""]
[Remark ""]

1.e4 e5 2.Nf3 Nf6 3.Nxe5 d6 4.Nf3 Nxe4 5.Nc3 Nf6 6.d4 Be7 7.Be3
Nbd7 8.Qd2 Nb6 9.h4 Bg4 10.Ng5 Qd7 11.d5 h6 12.Nge4 a6 13.Ng3
Na4 14.Nce2 Bxe2 15.Bxe2 Nc5 16.Qd4 O-O 17.b4 Na4 18.O-O c5 19.dxc6
bxc6 20.c4 c5 21.bxc5 Nxc5 22.Rad1 Rfd8 23.Bf3 Rab8 24.Rfe1 a5
25.Qc3 Qc7 26.Nf5 Ne6 27.Nxe7+ Qxe7 28.Qxa5 Nd7 29.Bf4 Ndc5 30.Bg3
Nb7 31.Qd2 Qc7 32.Rb1 Nec5 33.Re3 Re8 34.Rbe1 Rxe3 35.Qxe3 Ne6
36.Bd5 Nbc5 37.f4 Nf8 38.f5 Nh7 39.Qe7 Qb6 40.Qxf7+ Kh8 41.Re8+ 1-0

[Event "FIDE Open 2012"]
[Site "Voronezh (Russia)"]
[Date "2012.06.14"]
[Round "3.28"]
[White "Ognerubova, Anastasia"]
[Black "Kozlov, Sergej A."]
[Result "1-0"]
[WhiteElo "2044"]
[BlackElo "1784"]
[Annotator ""]
[Source ""]
[Remark ""]

1.e4 e6 2.d4 d5 3.e5 c5 4.c3 Qb6 5.Nf3 Bd7 6.Bd3 Bb5 7.O-O Bxd3
8.Qxd3 Nc6 9.dxc5 Bxc5 10.b4 Bf8 11.a4 Rc8 12.Bf4 Nge7 13.Nbd2
Ng6 14.Bg3 Be7 15.Nb3 O-O 16.Rfc1 Rfd8 17.a5 Qc7 18.Qe3 a6 19.Re1
Qb8 20.Rac1 Na7 21.Nfd4 Nc6 22.f4 Qa7 23.Bf2 Qb8 24.Kh1 h6 25.Bg3
Nxd4 26.Nxd4 Rc4 27.Qd3 Bh4 28.Nxe6 Bxg3 29.hxg3 fxe6 30.Qxg6
Qc8 31.f5 exf5 32.e6 Re8 33.Qxf5 Re4 34.Qxd5 R4xe6 35.Rxe6 Qxe6
36.Qxe6+ Rxe6 37.Rd1 Re3 38.Rd8+ Kh7 39.Rc8 Rxg3 40.Rc7 h5 41.Kh2
h4 42.Rc4 Kg8 43.Rc8+ Kh7 44.Rc7 Kg8 45.c4 Rg4 46.Kh3 Rd4 47.b5
axb5 48.cxb5 Ra4 49.Rc8+ Kf7 50.Rc7+ Kg8 51.Rc8+ Kf7 52.Ra8 Ke6
53.a6 b6 54.Rb8 Kd6 55.Rxb6+ Kc5 56.Rb7 g5 57.a7 Kd5 58.b6 Ke5
59.Rb8 1-0

[Event "FIDE Open 2012"]
[Site "Voronezh (Russia)"]
[Date "2012.06.14"]
[Round "3.29"]
[White "Markevich, Arseniy"]
[Black "Savenko, Ivan"]
[Result "1-0"]
[WhiteElo "2033"]
[BlackElo "1634"]
[Annotator ""]
[Source ""]
[Remark ""]

1.Nc3 d5 2.d4 Bf5 3.e4 dxe4 4.f3 e5 5.fxe4 exd4 6.exf5 dxc3 7.Qf3
cxb2 8.Bxb2 Qh4+ 9.Kd2 Nc6 10.Re1+ Nge7 11.Bd3 f6 12.Ne2 O-O-O
13.Kc1 Qa4 14.Kb1 Nd5 15.Be4 Qb5 16.Rd1 Ne5 17.Bxd5 Bd6 18.Qb3
Qxe2 19.Bxb7+ Kd7 20.Qe6# 1-0

[Event "FIDE Open 2012"]
[Site "Voronezh (Russia)"]
[Date "2012.06.14"]
[Round "3.31"]
[White "Gagarin, Artem"]
[Black "Polyansky, Viktor"]
[Result "0-1"]
[WhiteElo "1767"]
[BlackElo "2009"]
[Annotator ""]
[Source ""]
[Remark ""]

1.e4 c5 2.Nc3 Nc6 3.g3 g6 4.Bg2 Bg7 5.Nge2 e6 6.d3 Nge7 7.Be3
Nd4 8.f4 Nec6 9.e5 d5 10.Bxd4 cxd4 11.Nb5 Qa5+ 0-1

[Event "FIDE Open 2012"]
[Site "Voronezh (Russia)"]
[Date "2012.06.14"]
[Round "3.33"]
[White "Shuvalova, Polina"]
[Black "Ajrapetian, Nikita"]
[Result "1-0"]
[WhiteElo "1702"]
[BlackElo "1995"]
[Annotator ""]
[Source ""]
[Remark ""]

1.e4 c5 2.Nf3 d6 3.Bb5+ Bd7 4.Bxd7+ Qxd7 5.O-O Nc6 6.c3 g6 7.d4
cxd4 8.cxd4 Bg7 9.Nc3 e6 10.h3 Nge7 11.Bf4 O-O 12.e5 dxe5 13.dxe5
Nd5 14.Re1 Rfd8 15.Nxd5 Qxd5 16.Qe2 Nd4 17.Nxd4 Qxd4 18.Qf3 Rd5
19.Rad1 Qb4 20.Rc1 h6 21.Re4 Qxb2 22.Rc7 Rf8 23.Qe3 a6 24.h4
h5 25.a4 Qb1+ 26.Rc1 Rd1+ 27.Rxd1 Qxd1+ 28.Kh2 Rd8 29.Qa7 Qg4
30.g3 Qf3 31.Re1 Rc8 32.Rb1 Rc2 33.Kg1 Re2 34.Rc1 Bxe5 35.Bxe5
Kh7 36.Ba1 e5 37.Rf1 g5 38.Qc5 gxh4 39.Qc3 Qxc3 40.Bxc3 hxg3
41.fxg3 Kg6 42.Rd1 Re3 43.Be1 Kf5 44.Kf2 Rb3 45.Rd7 f6 46.Rd6
e4 47.Rd5+ Kg4 48.Ke2 f5 49.a5 h4 50.gxh4 f4 51.Rg5+ Kh3 52.h5
Re3+ 53.Kf2 Rf3+ 54.Kg1 Re3 55.Bd2 Kh4 56.Bxe3 Kxg5 57.Bxf4+
Kxh5 58.Kf2 Kg4 59.Ke3 Kf5 60.Bh2 Ke6 61.Kxe4 Kd7 62.Kd5 1-0

[Event "FIDE Open 2012"]
[Site "Voronezh (Russia)"]
[Date "2012.06.14"]
[Round "3.38"]
[White "Klimentov, Evgeny"]
[Black "Abramova, Yulia"]
[Result "1-0"]
[WhiteElo "1818"]
[BlackElo "1949"]
[Annotator ""]
[Source ""]
[Remark ""]

1.e4 d6 2.d4 Nd7 3.Nc3 e5 4.Nf3 Ngf6 5.Bc4 Be7 6.O-O c6 7.a4
Qc7 8.Re1 Nb6 9.Bf1 Bg4 10.Be3 O-O 11.a5 Nbd7 12.h3 Bh5 13.g4
Bg6 14.Nd2 c5 15.d5 Ne8 16.Bb5 Rb8 17.a6 bxa6 18.Rxa6 Rxb5 19.Nxb5
Qb7 20.Rxa7 Qxb5 21.c4 Qb8 22.Rxd7 Bd8 23.Rxd8 Qxd8 24.b4 cxb4
25.c5 dxc5 26.Bxc5 Nd6 27.Bxb4 Re8 28.Qa4 f6 29.Qc6 Nf7 30.Nc4
Ng5 31.Nb6 Nxh3+ 32.Kf1 Nf4 33.d6 Re6 34.Qc7 Qxc7 35.dxc7 Rc6
36.c8Q+ 1-0

[Event "FIDE Open 2012"]
[Site "Voronezh (Russia)"]
[Date "2012.06.14"]
[Round "3.39"]
[White "Cho, Seongho"]
[Black "Sedykh, Egor"]
[Result "0-1"]
[WhiteElo "1948"]
[BlackElo "1793"]
[Annotator ""]
[Source ""]
[Remark ""]

1.d4 Nf6 2.c4 g6 3.Nc3 Bg7 4.e4 d6 5.Nf3 O-O 6.Be2 e5 7.O-O Nc6
8.d5 Ne7 9.Nd2 Nd7 10.b4 f5 11.Ba3 a5 12.bxa5 Rxa5 13.Bb4 Ra8
14.a4 b6 15.a5 Nc5 16.axb6 Rxa1 17.Qxa1 cxb6 18.f3 Bh6 19.Na4
Bd7 20.Nxc5 bxc5 21.Ba5 Qa8 22.Qc3 Qa7 23.Rb1 Ra8 24.Ra1 Kf7
25.Qc2 Be3+ 26.Kf1 Rb8 27.Bc3 Qc7 28.Nb1 Bd4 29.Na3 f4 30.Nb5
Bxb5 31.cxb5 Nc8 32.Bxd4 exd4 33.Qd2 g5 34.g3 fxg3 35.Qxg5 gxh2
36.Kf2 Qe7 37.Qh5+ Kg7 38.Qxh2 Nb6 39.Rg1+ Kh8 40.Rc1 Rc8 41.Ke1
Ra8 42.e5 dxe5 43.Bd3 c4 44.d6 Qg7 45.Be4 Ra7 46.Bf5 Ra2 47.Qh1
Rg2 48.Kf1 Ra2 49.Qh3 Nd5 50.Re1 Ne3+ 51.Rxe3 dxe3 0-1

[Event "FIDE Open 2012"]
[Site "Voronezh (Russia)"]
[Date "2012.06.14"]
[Round "3.44"]
[White "Krekoten, Vladimir"]
[Black "Moiseenko, Andrey"]
[Result "1-0"]
[WhiteElo "1904"]
[BlackElo "1696"]
[Annotator ""]
[Source ""]
[Remark ""]

1.e4 d6 2.Nf3 Nf6 3.d3 g6 4.g3 Bg7 5.c3 O-O 6.Bg2 Nbd7 7.O-O
c6 8.Be3 Qc7 9.Re1 e5 10.Na3 Re8 11.Nc2 Ng4 12.Bc1 Nc5 13.h3
Nf6 14.Be3 Ne6 15.Qd2 Nd7 16.g4 a5 17.a4 Ndc5 18.Ra3 Bd7 19.Rea1
Nf4 20.Bf1 Nce6 21.d4 h6 22.d5 Nc5 23.Bxf4 Nxe4 24.Qc1 exf4 25.Qxf4
Qb6 26.Nfd4 Qxb2 27.Rb3 g5 28.Qh2 Be5 29.Qg2 Qxb3 30.Nxb3 Bxc3
31.Rd1 cxd5 32.Bb5 Bc6 33.Nbd4 Bxd4 34.Nxd4 Nc3 35.Ra1 Re4 36.Nxc6
bxc6 37.Bxc6 Ne2+ 38.Kh1 Nf4 39.Qxe4 dxe4 40.Bxa8 1-0

[Event "FIDE Open 2012"]
[Site "Voronezh (Russia)"]
[Date "2012.06.14"]
[Round "4.1"]
[White "Fadin, Evgeny"]
[Black "Khoroshilov, Nikita"]
[Result "1/2-1/2"]
[WhiteElo "2122"]
[BlackElo "2223"]
[Annotator ""]
[Source ""]
[Remark ""]

1. e4 d6 2. d4 Nf6 3. Nc3 g6 4. f3 c6 5. Be3 Nbd7 6. Nh3 Bg7 7. Qd2 b5 8. Bh6 Bxh6
9. Qxh6 b4 10. Nd1 e5 11. Qd2 exd4 12. Qxd4 Ne5 13. Nhf2 O-O 14. Qxb4 d5 15. Nc3 Be6 
16. Be2 Rb8 17. Qd4 Qc7 1/2-1/2

[Event "FIDE Open 2012"]
[Site "Voronezh (Russia)"]
[Date "2012.06.14"]
[Round "4.2"]
[White "Skomorohov, Grigorij"]
[Black "Alkaev, Roman"]
[Result "1/2-1/2"]
[WhiteElo "2217"]
[BlackElo "2066"]
[Annotator ""]
[Source ""]
[Remark ""]

1. c4 e5 2. Nc3 Nf6 3. g3 c6 4. Nf3 e4 5. Nd4 d5 6. cxd5 Qb6 7. e3 cxd5 8. Bg2 Nc6 
9. O-O Bg4 10. f3 exf3 11. Bxf3 Bxf3 12. Nxf3 Bb4 13. Qb3 d4 14. Na4 Qc7 15. exd4
Be7 16. d5 Nb4 17. Nc3 O-O 18. d4 Rad8 19. Bf4 Qb6 20. Rfe1 Nbxd5 21. Qxb6 
axb6 22. Bg5 Bb4 23. Rac1 Ra8 24. Bxf6 Nxf6 25. a3 Bxc3 26. Rxc3 Nd5 27. Rc2
Rac8 28. Rec1 Rce8 29. Re1 Rc8 30. Rec1 Rce8 31. Re1 Rc8 32. Rec1 Rce8 33. Re1
Rc8 34. Rec1 Rce8 35. Re1 Rc8 36. Rec1 Rce8 37. Re1 Rc8 38. Rec1 Rce8 39. Re1 Rc8 
40. Rec1 1/2-1/2

[Event "FIDE Open 2012"]
[Site "Voronezh (Russia)"]
[Date "2012.06.14"]
[Round "4.3"]
[White "Talipov, Nafis"]
[Black "Katkov, Vitaly"]
[Result "0-1"]
[WhiteElo "2160"]
[BlackElo "2066"]
[Annotator ""]
[Source ""]
[Remark ""]

1. d4 Nf6 2. Nc3 d5 3. Bg5 Bf5 4. f3 c6 5. e3 Nbd7 6. g4 Bg6 7. Bf4 e6 8. h4 h5 9. g5
Ng8 10. Bd3 Bxd3 11. Qxd3 Ne7 12. Nge2 Ng6 13. Bg3 Qa5 14. Kf2 Be7 15. Nf4 Nxf4
16. Bxf4 Bb4 17. Ne2 Qb5 18. Qd1 Be7 19. Qd2 c5 20. Rhc1 Nb6 21. b3 c4 22. a4 Qc6 23. a5 Nd7
24. bxc4 Qxc4 25. Qd3 Rc8 26. Rcb1 Qc6 27. Qb5 Qxb5 28. Rxb5 b6 29. axb6 axb6
30. Ra7 Rxc2 31. Bc7 Bd8 32. Bd6 Rc6 33. Ba3 Bc7 34. Rb3 Bb8 35. Ra8 Kd8
36. Nc3 Kc8 37. f4 Kb7 38. Ra4 Rhc8 39. Bb2 Rc4 40. Ra2 R8c6 41. Kf3 Rc8
42. e4 dxe4+ 43. Nxe4 Rc2 44. Nc3 Rc4 45. Ke3 Rh2 46. Kd3 Rc6 47. Ra1 Rxh4
48. f5 Rh3+ 49. Ke2 Rh2+ 50. Kd3 Bf4 51. Rf1 e5 52. Rf3 Rd2+ 0-1

[Event "FIDE Open 2012"]
[Site "Voronezh (Russia)"]
[Date "2012.06.14"]
[Round "4.4"]
[White "Natacheev, Peter"]
[Black "Aminov, Andrey"]
[Result "1/2-1/2"]
[WhiteElo "2230"]
[BlackElo "2112"]
[Annotator ""]
[Source ""]
[Remark ""]

1. e4 e5 2. Nc3 Nf6 3. Nf3 Nc6 4. d4 exd4 5. Nd5 Bb4+ 6. Nxb4 Nxb4 7. e5 Qe7 8. Be2 Ng4
9. Bf4 Nc6 10. O-O Ngxe5 11. Nxe5 Nxe5 12. Qxd4 d6 13. Bb5+ c6 14. Ba4 Be6 1/2-1/2

[Event "FIDE Open 2012"]
[Site "Voronezh (Russia)"]
[Date "2012.06.14"]
[Round "4.5"]
[White "Kalinin, Ivan"]
[Black "Kalinin, Nikita"]
[Result "1-0"]
[WhiteElo "2088"]
[BlackElo "2199"]
[Annotator ""]
[Source ""]
[Remark ""]

1. d4 Nf6 2. c4 c5 3. d5 e6 4. Nc3 exd5 5. cxd5 d6 6. e4 g6 7. f4 Bg7 8. Bb5+ Nfd7
9. a4 O-O 10. Nf3 Na6 11. O-O Nb4 12. Re1 a6 13. Bf1 Re8 14. h3 Rb8 15. Be3 b5 16. axb5
axb5 17. Bxb5 Bxc3 18. bxc3 Rxb5 19. cxb4 Rxe4 20. bxc5 Nxc5 21. Nd4 Rb2 22. Ra8
Re8 23. Nf3 Qc7 24. Bd4 Rxg2+ 25. Kxg2 Bxh3+ 26. Kxh3 Qd7+ 27. Kg3 Rxa8 28. Re3
f5 29. Ng5 h6 30. Qh1 h5 31. Qe1 Ne4+ 32. Nxe4 fxe4 33. Qe2 Qf5 34. Rxe4 Rf8 35. Bf2 Qxd5
36. Qc4 Qxc4 37. Rxc4 Kf7 38. Kf3 Ke6 39. Bh4 Rf7 40. Bg5 Rh7 41. Re4+ Kd7
42. Ra4 Ke6 43. Ra8 Rb7 44. Rf8 Rg7 45. Rf6+ Kd5 46. Kg3 Kc5 47. Bh6 Rg8
48. Rf8 Rxf8 49. Bxf8 Kd5 50. Kh4 Ke6 51. Kg5 d5 52. Kxg6 h4 53. f5+ Kd7 54. f6
h3 55. Bd6 d4 56. f7 d3 57. f8=Q 1-0

[Event "FIDE Open 2012"]
[Site "Voronezh (Russia)"]
[Date "2012.06.14"]
[Round "4.6"]
[White "Orekhov, Nikolai"]
[Black "Egorenkov, Igor"]
[Result "1/2-1/2"]
[WhiteElo "2038"]
[BlackElo "2133"]
[Annotator ""]
[Source ""]
[Remark ""]

1.d4 d5 2.c4 c6 3.Nf3 Nf6 4.e3 e6 5.b3 Ne4 6.Bd3 f5 7.O-O Be7
8.Ba3 O-O 9.Bxe7 Qxe7 10.Ne5 Nd7 11.Nxd7 Bxd7 12.f3 Nf6 13.Nc3
e5 14.dxe5 Qxe5 15.Qd2 Rfe8 16.Rfe1 dxc4 17.Bxc4+ Be6 18.Bf1
Rad8 19.Qc2 Bf7 20.Rac1 Rd6 21.Qf2 Qa5 22.Na4 b5 23.Nc5 Rd2 24.Re2
Rxe2 25.Qxe2 Nd5 26.e4 Nc3 27.Qf2 fxe4 28.fxe4 b4 29.Re1 Re5
30.Nd3 Rxe4 31.Rxe4 Nxe4 32.Qd4 Qb6 33.Qxb6 axb6 34.Nxb4 c5 1/2-1/2

[Event "FIDE Open 2012"]
[Site "Voronezh (Russia)"]
[Date "2012.06.14"]
[Round "4.7"]
[White "Nazarov, Ilya"]
[Black "Bezgodova, Svetlana"]
[Result "0-1"]
[WhiteElo "1986"]
[BlackElo "2120"]
[Annotator ""]
[Source ""]
[Remark ""]

1.e4 d5 2.exd5 Nf6 3.d4 Nxd5 4.Nf3 g6 5.g3 Bg7 6.Bg2 O-O 7.O-O
c6 8.c3 Nd7 9.Re1 N7f6 10.Nbd2 b6 11.Nc4 Bb7 12.Ne3 e6 13.Nc4
Rc8 14.Bg5 Qc7 15.Nce5 h6 16.Bd2 c5 17.Qe2 Rcd8 18.Rad1 Qc8 19.Bc1
Ba6 20.Qc2 Ne7 21.Bf4 Nf5 22.Qc1 g5 23.g4 Ne7 24.Bd2 Nfd5 25.h4
f6 26.hxg5 hxg5 27.c4 Nc7 28.Bxg5 fxg5 29.Qxg5 Rf6 30.Qh5 Rdf8
31.g5 Rf5 32.Bh3 Rxf3 33.Nxf3 Rxf3 34.Qxf3 cxd4 35.b3 Bb7 36.Qh5
Qd7 37.Rd3 Qc6 38.f3 e5 0-1

[Event "FIDE Open 2012"]
[Site "Voronezh (Russia)"]
[Date "2012.06.14"]
[Round "4.8"]
[White "Manukovsky, Vladimir"]
[Black "Popov, Andrey"]
[Result "1-0"]
[WhiteElo "2238"]
[BlackElo "2094"]
[Annotator ""]
[Source ""]
[Remark ""]

1.Nf3 e6 2.b3 f5 3.Bb2 Nf6 4.g3 Be7 5.Bg2 O-O 6.O-O a5 7.d4 d5
8.c4 c6 9.Nc3 Ne4 10.Rc1 Nd7 11.e3 Bd6 12.Ne2 Qf6 13.Nf4 Qh6
14.Ne5 Ng5 15.cxd5 exd5 16.Nxc6 bxc6 17.Rxc6 Ra6 18.Bxd5+ Kh8
19.Qc2 Rxc6 20.Qxc6 Nb8 21.Qc2 Ba6 22.Rc1 Nd7 23.Qc6 Nb8 24.Qc2
Nd7 25.h4 Ne4 26.Bxe4 fxe4 27.Qxe4 Nf6 28.Qf5 Bxf4 29.Qxf4 Qxf4
30.gxf4 Ne4 31.f3 Nf6 32.e4 Kg8 33.d5 Nh5 34.f5 Nf4 35.Rc7 Rf7
36.Rc6 Bb7 1-0

[Event "FIDE Open 2012"]
[Site "Voronezh (Russia)"]
[Date "2012.06.14"]
[Round "4.9"]
[White "Kiselev, Alexander S."]
[Black "Kostitsina, Liubov"]
[Result "0-1"]
[WhiteElo "2236"]
[BlackElo "2053"]
[Annotator ""]
[Source ""]
[Remark ""]

1.e4 c5 2.Nf3 d6 3.d4 cxd4 4.Nxd4 Nf6 5.Nc3 a6 6.g3 b5 7.Bg2
Bb7 8.a3 e6 9.O-O Qc7 10.f4 Be7 11.g4 Nc6 12.Be3 Nxd4 13.Bxd4
O-O 14.g5 Nd7 15.Rf3 g6 16.Rh3 e5 17.Be3 exf4 18.Bxf4 Qc5+ 19.Be3
Qc4 20.Qe1 Ne5 21.b3 Qc7 22.Kh1 Rac8 23.Bf4 f6 24.Qh4 Rf7 25.Rc1
Qd8 26.gxf6 Bxf6 27.Qe1 Ng4 28.Nd1 Bg7 29.Qd2 Qf8 30.Rf3 Be5
31.Bxe5 Rxf3 0-1

[Event "FIDE Open 2012"]
[Site "Voronezh (Russia)"]
[Date "2012.06.15"]
[Round "4.10"]
[White "Kubatko, Ivan"]
[Black "Ognerubova, Anastasia"]
[Result "1-0"]
[WhiteElo "2229"]
[BlackElo "2044"]
[Annotator ""]
[Source ""]
[Remark ""]

1.e4 e6 2.d4 d5 3.exd5 exd5 4.Nf3 Nf6 5.c4 c6 6.Nc3 Bg4 7.Be3
Nbd7 8.Bd3 Bd6 9.Qb3 Qb6 10.c5 Qxb3 11.axb3 Bc7 12.b4 b5 13.Bxb5
cxb5 14.Nxb5 Bd8 15.Rxa7 Rxa7 16.Nxa7 O-O 17.Ke2 Ne4 18.Ra1 Bf6
19.b5 Ndxc5 20.dxc5 d4 21.h3 Bxf3+ 22.Kxf3 Nxc5 23.Bf4 Ne6 24.Bd2
d3 1-0

[Event "FIDE Open 2012"]
[Site "Voronezh (Russia)"]
[Date "2012.06.15"]
[Round "4.11"]
[White "Baemov, Ilnur"]
[Black "Filippov, Ivan"]
[Result "1/2-1/2"]
[WhiteElo "2197"]
[BlackElo "2035"]
[Annotator ""]
[Source ""]
[Remark ""]

1.c4 Nf6 2.Nc3 c5 3.Nf3 Nc6 4.d4 cxd4 5.Nxd4 a6 6.e4 d6 7.Be2
e6 8.O-O Be7 9.Be3 O-O 10.Qd2 Bd7 11.Rfd1 Qc7 12.f3 Ne5 13.b3
Rac8 14.Rac1 Rfd8 15.Bf1 Be8 16.Qf2 Nfd7 17.h3 Qa5 18.f4 Nc6
19.Na4 Nc5 20.Nxc5 dxc5 21.Nxc6 Bxc6 22.Qc2 Qc7 23.e5 b6 24.Bd3
h6 25.Be4 Qb7 26.Bxc6 Qxc6 27.Bf2 g6 28.Qe2 Rc7 29.Rxd8+ Bxd8
30.Rd1 Rd7 31.Rd3 Be7 32.Qd2 Rxd3 33.Qxd3 Qc7 34.Be3 Kg7 35.Kf2
Qd8 36.Qxd8 Bxd8 1/2-1/2

[Event "FIDE Open 2012"]
[Site "Voronezh (Russia)"]
[Date "2012.06.15"]
[Round "4.12"]
[White "Ioffe, Evgeny"]
[Black "Kiselev, Maxim"]
[Result "1-0"]
[WhiteElo "2046"]
[BlackElo "2187"]
[Annotator ""]
[Source ""]
[Remark ""]

1.e4 d6 2.d4 Nf6 3.Nc3 g6 4.f4 Bg7 5.Nf3 O-O 6.Bd3 Na6 7.O-O
c5 8.d5 Nc7 9.a4 Bd7 10.Qe2 a6 11.a5 Nb5 12.Bd2 Qe8 13.Bc4 Nd4
14.Qd3 Nh5 15.Nxd4 Bxd4+ 16.Be3 Bg7 17.Qe2 f5 18.e5 dxe5 19.fxe5
Bxe5 20.Bxc5 Bd6 21.Bd4 g5 22.Rae1 Qg6 23.Qf2 g4 24.Qh4 Rf7 25.Re3
Raf8 26.Rfe1 g3 27.h3 Bf4 28.Re6 Bxe6 29.Rxe6 Qg5 30.Qxg5+ Bxg5
31.d6 Ng7 32.dxe7 Nxe6 33.exf8Q+ Kxf8 34.Bxe6 Rc7 35.Bb6 Rg7
36.Bxf5 Rf7 37.Be4 Kg7 38.Bf3 1-0

[Event "FIDE Open 2012"]
[Site "Voronezh (Russia)"]
[Date "2012.06.15"]
[Round "4.13"]
[White "Markevich, Arseniy"]
[Black "Torshin, Anton"]
[Result "1-0"]
[WhiteElo "2033"]
[BlackElo "2135"]
[Annotator ""]
[Source ""]
[Remark ""]

1.d4 Nf6 2.Bg5 Ne4 3.Bf4 d5 4.Nd2 Nf6 5.e3 c5 6.c3 Nc6 7.Bd3
Qb6 8.Rb1 cxd4 9.exd4 g6 10.Ngf3 Bg7 11.h3 O-O 12.O-O Bf5 13.Bxf5
gxf5 14.Ne5 e6 15.Qb3 Qa6 16.a4 Rac8 17.Qb5 Nb8 18.Rfe1 Qxb5
19.axb5 a6 20.Ra1 Rfe8 21.Nb3 Bf8 22.Re3 Ne4 23.bxa6 Nxa6 24.Nd7
Be7 25.Na5 Rcd8 26.Nb6 Bd6 27.Nxb7 Bxf4 28.Rxe4 fxe4 29.Nxd8
Rxd8 30.Rxa6 Rb8 31.b4 Bd2 32.Na4 Rc8 33.b5 Bxc3 34.b6 Bxd4 35.b7
Rc1+ 36.Kh2 Be5+ 37.g3 Rb1 38.Rb6 Rxb6 39.Nxb6 d4 40.Nd7 Bc7
41.Kg2 Kg7 42.b8Q Bxb8 43.Nxb8 Kf6 44.Nc6 d3 45.Kf1 Kg5 46.Nd8
Kf6 47.Ke1 Ke7 48.Nb7 f5 49.Kd2 e5 50.g4 fxg4 51.hxg4 Kf6 52.Nc5
Kg5 53.Ke3 Kxg4 54.Nxe4 h5 55.Nf6+ Kg5 56.Nd7 Kf5 57.Nc5 h4 58.Nxd3 1-0

[Event "FIDE Open 2012"]
[Site "Voronezh (Russia)"]
[Date "2012.06.15"]
[Round "4.14"]
[White "Aseeva, Anastasia"]
[Black "Makarkin, Zhan"]
[Result "0-1"]
[WhiteElo "2010"]
[BlackElo "2126"]
[Annotator ""]
[Source ""]
[Remark ""]

1.d4 d5 2.c4 c6 3.e3 Nf6 4.Nc3 e6 5.Nf3 Nbd7 6.Bd3 dxc4 7.Bxc4
b5 8.Bd3 Bb7 9.O-O a6 10.Qe2 c5 11.a3 Qb6 12.Rd1 Be7 13.Bc2 O-O
14.e4 cxd4 15.Nxd4 Ne5 16.Nb3 Nc4 17.Rd3 Rfd8 18.e5 Rxd3 19.Bxd3
Qc6 20.f3 Nd5 21.Nxd5 Qxd5 22.Bf4 Nxb2 23.Bxh7+ Kxh7 24.Qxb2
Rc8 25.Re1 Rc4 26.Bg3 Qd3 27.a4 Rxa4 28.Nc1 Qd4+ 29.Qxd4 Rxd4
30.Bf2 Rd7 31.Nb3 Rc7 32.Bd4 Bd5 33.Na5 Bb4 34.Ra1 Bc3 35.Bxc3
Rxc3 36.Kf2 b4 0-1

[Event "FIDE Open 2012"]
[Site "Voronezh (Russia)"]
[Date "2012.06.15"]
[Round "4.15"]
[White "Magrifin, Iljanor"]
[Black "Artemov, Nikita"]
[Result "1/2-1/2"]
[WhiteElo "2115"]
[BlackElo "2008"]
[Annotator ""]
[Source ""]
[Remark ""]

1.Nf3 f5 2.g3 Nf6 3.Bg2 d6 4.d4 c6 5.O-O Qc7 6.c4 e5 7.Nc3 Be7
8.Qb3 Be6 9.d5 Bc8 10.e4 Na6 11.dxc6 bxc6 12.Qc2 fxe4 13.Ng5
d5 14.cxd5 cxd5 15.Qa4+ Qd7 16.Qa5 O-O 17.Rd1 Bb4 18.Qb5 Qxb5
19.Nxb5 Bg4 20.Bd2 Bxd1 21.Rxd1 Ng4 22.Bc3 Rxf2 23.Re1 Bxc3 24.Nxc3
Nb4 25.Bh3 h5 26.Bxg4 hxg4 27.Kxf2 Nd3+ 28.Ke2 Nxe1 29.Kxe1 d4
30.Ncxe4 Rb8 31.b3 Rb6 32.Nf2 Ra6 33.Nxg4 Rxa2 34.Nf3 Rb2 35.Ngxe5
Rxb3 36.Kd2 a5 37.Nxd4 Rb2+ 38.Nc2 a4 39.Nd3 Rb1 40.Nc1 Kf7 41.h4
Kf6 42.g4 Ke5 43.h5 1/2-1/2